Statistics for Biggest Trading Partners - Finland

Click here to take the quiz!

General Stats

  • This quiz has been taken 1,231 times
  • The average score is 19 of 20

Answer Stats

ImportsAnswer% Correct
6.08 bilSweden
100%
6.74 bilSweden
100%
8.82 bilGermany
99%
7.36 bilGermany
99%
1.69 bilNorway
99%
3.23 bilRussia
99%
6.70 bilRussia
99%
4.46 bilChina
97%
2.93 bilChina
97%
1.82 bilUnited Kingdom
97%
2.58 bilUnited Kingdom
97%
2.23 bilUnited States of America
96%
3.73 bilUnited States of America
96%
2.41 bilFrance
94%
1.73 bilFrance
94%
1.74 bilDenmark
93%
1.80 bilEstonia
91%
3.03 bilNetherlands
83%
4.15 bilNetherlands
83%
1.83 bilBelgium
79%

Score Distribution

Percentile by Number Answered

Percent of People with Each Score

Your Score History

You have not taken this quiz